Child psychology : (Record no. 10009)

MARC details
000 -LEADER
fixed length control field 00526cam a2200193ua 4500
001 - CONTROL NUMBER
control field 11156
005 - DATE AND TIME OF LATEST TRANSACTION
control field 20260515114718.0
008 - FIXED-LENGTH DATA ELEMENTS--GENERAL INFORMATION
fixed length control field 190830n ii |||gr||||Z||||||eng
020 ## - INTERNATIONAL STANDARD BOOK NUMBER
International Standard Book Number 8176298069
040 ## - CATALOGING SOURCE
Transcribing agency MAIN
041 ## - LANGUAGE CODE
Language code of text/sound track or separate title eng
082 ## - DEWEY DECIMAL CLASSIFICATION NUMBER
Classification number 155.4
100 ## - MAIN ENTRY--PERSONAL NAME
Personal name Rajpal Kaur,
Relator term Author.
245 ## - TITLE STATEMENT
Title Child psychology :
Remainder of title New trends and innovations /
Statement of responsibility, etc. By Rajpal Kaur .
260 ## - PUBLICATION, DISTRIBUTION, ETC.
Place of publication, distribution, etc. New Delhi:
Name of publisher, distributor, etc. Deep & deep publications ,
Date of publication, distribution, etc. 2018.
300 ## - PHYSICAL DESCRIPTION
Extent 355p.
653 ## - INDEX TERM--UNCONTROLLED
Uncontrolled term Differential & developmental psychology
942 ## - ADDED ENTRY ELEMENTS (KOHA)
Koha item type Books
Holdings
Withdrawn status Lost status Damaged status Not for loan Home library Current library Shelving location Date acquired Total checkouts Full call number Barcode Date last seen Copy number Price effective from Koha item type
        Naharkatiya College Library Naharkatiya College Library General stacks 09/19/2020   155.4Child psychology | KAU 27460 09/19/2020 1 09/19/2020 Books